| 000 | 00803nam a22002297a 4500 | ||
|---|---|---|---|
| 005 | 20250131121456.0 | ||
| 008 | 250131b |||||||| |||| 00| 0 eng d | ||
| 020 | _a978-93-6177-059-3 (hbk) | ||
| 037 | _cTB | ||
| 040 |
_aCRL _cCRL |
||
| 041 |
_2eng _aeng |
||
| 084 |
_aV4:73.N Q5 _qCRL |
||
| 245 |
_aTranscending boundries: _bPremodern cultural transactions across Asia |
||
| 260 |
_aDelhi, India: _bPrimus Books, _c2015 |
||
| 300 | _axlviii, 815p. | ||
| 365 |
_b6500.00 _cINR |
||
| 650 |
_aHistory _9734911 |
||
| 650 |
_aNumismatics _9734912 |
||
| 700 |
_aMajumdar, Susmita Basu (Editor) _9734913 |
||
| 942 |
_2CC _cTB _hV4:73.N Q5 _n0 |
||
| 999 |
_c1238327 _d1238327 |
||